Estadísticas para Copa Mundial de Clubes de la FIFA

Haz click aquí para intentar la prueba.

Estadísticas generales

  • Esta prueba ha sido intentada 76 veces
  • La puntuación promedio es 17 de 19

Estadísticas de respuestas

EdiciónCampeón% Correcto
2015F. C. Barcelona
100%
2009F. C. Barcelona
100%
2011F. C. Barcelona
100%
2014Real Madrid C. F.
100%
2022Real Madrid C. F.
100%
2018Real Madrid C. F.
100%
2017Real Madrid C. F.
100%
2016Real Madrid C. F.
100%
2023Manchester City F. C.
99%
2021Chelsea F. C.
97%
2020F. C. Bayern
97%
2013F. C. Bayern
97%
2019Liverpool F. C.
94%
2010F. C. Internazionale
91%
2007A. C. Milan
90%
2008Manchester United F. C.
81%
2012S. C. Corinthians
62%
2005São Paulo F. C.
39%
2006S. C. Internacional
29%

Distribución de puntuación

Porcentaje por número respondido

Porcentaje de gente con cada puntuación

Historial de tus puntuaciones

No has intentado esta prueba.